000 01071nam a22002177a 4500
999 _c1082
_d1082
003 AR-CdUCM
008 190226b ||||| |||| 00| 0 spa d
020 _a9972890082
040 _aMUNICIPALIDAD PROVINCIAL DEL CUSCO
_cBIBLIOTECA MUNICIPAL DEL CUSCO
082 _a328.3658 /
_bB99
110 _aPerú congreso
_aComisión Investigadora de los Delitos Económicos y Financieros
_94218
245 _aBalance de la inversión privada y privatización 1990-2001 :
_bObjetivos / resultados /
260 _aLima :
_bFondo Editorial del Congreso del Perú;
_c2002.
300 _a218 paginas ;
_c23 cm.
505 _aPromoción de la inversión privada y privatización: Balances y perspectivas del proceso para el desarrollo nacional -- Situación nacional del servicio de agua potable e impacto previsibles de su privatización -- Privatización de Pesca Perú -- Privatización de la empresa minera ..
650 _aInversiones
_94219
650 _aDelitos contra el patrimonio
_94220
650 _aPrivatización
_94221
942 _2ddc
_cLIBROS
945 _arum
_d2019-02-26